Normal view
MARC view
Entry Personal Name
001 - CONTROL NUMBER
- control field: 32301
003 - CONTROL NUMBER IDENTIFIER
- control field: dpl
005 - DATE AND TIME OF LATEST TRANSACTION
- control field: 20110810143209.0
008 - FIXED-LENGTH DATA ELEMENTS
- fixed length control field: 110810|||a|||||| | ||| d
040 ## - CATALOGING SOURCE
- Original cataloging agency: dpl
- Transcribing agency: dpl
100 ## - HEADING--PERSONAL NAME
- Personal name: Batley, Claude,
- Dates associated with a name: 1879- [from old catalog]
670 ## - SOURCE DATA FOUND
- Source citation: Work cat.: (dpl)54651: Batley, Claude, 1879- [from old catalog], The design development of Indian architecture., 2009.
670 ## - SOURCE DATA FOUND
- Source citation: Work cat.: (dpl)54651: Batley, Claude, 1879- [from old catalog], The design development of Indian architecture., 2009.
